<?xml version="1.0" encoding="UTF-8"?>
<record
    xmlns:xsi="http://www.w3.org/2001/XMLSchema-instance"
    xsi:schemaLocation="http://www.loc.gov/MARC21/slim http://www.loc.gov/standards/marcxml/schema/MARC21slim.xsd"
    xmlns="http://www.loc.gov/MARC21/slim">

  <leader>01489nam0a2200337   4500</leader>
  <controlfield tag="001">RU\NLR\BIBL_A\011473449</controlfield>
  <controlfield tag="005">20260406105637.0</controlfield>
  <datafield tag="010" ind1=" " ind2=" ">
    <subfield code="a">9785389115743</subfield>
    <subfield code="9">3000</subfield>
  </datafield>
  <datafield tag="021" ind1=" " ind2=" ">
    <subfield code="a">RU</subfield>
    <subfield code="b">2017-62641</subfield>
    <subfield code="9">4436</subfield>
  </datafield>
  <datafield tag="035" ind1=" " ind2=" ">
    <subfield code="a">(RuMoRGB)009370735</subfield>
  </datafield>
  <datafield tag="035" ind1=" " ind2=" ">
    <subfield code="a">(NLR Aleph) 011473449</subfield>
  </datafield>
  <datafield tag="090" ind1=" " ind2=" ">
    <subfield code="a">11866150</subfield>
    <subfield code="c">11866150</subfield>
  </datafield>
  <datafield tag="100" ind1=" " ind2=" ">
    <subfield code="a">20170915d2017    d  y0rusy50      ca</subfield>
  </datafield>
  <datafield tag="101" ind1="1" ind2=" ">
    <subfield code="a">rus</subfield>
    <subfield code="c">eng</subfield>
  </datafield>
  <datafield tag="102" ind1=" " ind2=" ">
    <subfield code="a">RU</subfield>
  </datafield>
  <datafield tag="105" ind1=" " ind2=" ">
    <subfield code="a">a   f   001zy</subfield>
  </datafield>
  <datafield tag="200" ind1="1" ind2=" ">
    <subfield code="a">&#x418;&#x43D;&#x442;&#x435;&#x440;&#x430;&#x43A;&#x442;&#x438;&#x432;&#x43D;&#x430;&#x44F; &#x44D;&#x43D;&#x446;&#x438;&#x43A;&#x43B;&#x43E;&#x43F;&#x435;&#x434;&#x438;&#x44F; &#x434;&#x43B;&#x44F; &#x448;&#x43A;&#x43E;&#x43B;&#x44C;&#x43D;&#x438;&#x43A;&#x43E;&#x432;</subfield>
    <subfield code="e">[&#x43E;&#x442;&#x432;&#x435;&#x442;&#x44B; &#x43D;&#x430; 1000 &#x432;&#x43E;&#x43F;&#x440;&#x43E;&#x441;&#x43E;&#x432;</subfield>
    <subfield code="e">&#x434;&#x43B;&#x44F; &#x441;&#x440;&#x435;&#x434;&#x43D;&#x435;&#x433;&#x43E; &#x448;&#x43A;&#x43E;&#x43B;&#x44C;&#x43D;&#x43E;&#x433;&#x43E; &#x432;&#x43E;&#x437;&#x440;&#x430;&#x441;&#x442;&#x430;</subfield>
    <subfield code="f">&#x430;&#x432;&#x442;&#x43E;&#x440;&#x44B; &#x442;&#x435;&#x43A;&#x441;&#x442;&#x430;: &#x41A;&#x43B;&#x438;&#x444; &#x413;&#x438;&#x444;&#x444;&#x43E;&#x440;&#x434; &#x438; &#x434;&#x440;.</subfield>
    <subfield code="g">&#x43F;&#x435;&#x440;&#x435;&#x432;&#x43E;&#x434; &#x441; &#x430;&#x43D;&#x433;&#x43B;&#x438;&#x439;&#x441;&#x43A;&#x43E;&#x433;&#x43E; &#x422;&#x430;&#x442;&#x44C;&#x44F;&#x43D;&#x44B; &#x41F;&#x43E;&#x43A;&#x438;&#x434;&#x430;&#x435;&#x432;&#x43E;&#x439;</subfield>
    <subfield code="g">&#x440;&#x435;&#x434;&#x430;&#x43A;&#x442;&#x43E;&#x440;&#x44B; &#x412;&#x430;&#x43B;&#x435;&#x43D;&#x442;&#x438;&#x43D;&#x430; &#x411;&#x43E;&#x43B;&#x43E;&#x433;&#x43E;&#x432;&#x430; &#x438; &#x434;&#x440;.]</subfield>
  </datafield>
  <datafield tag="210" ind1=" " ind2=" ">
    <subfield code="a">&#x41C;&#x43E;&#x441;&#x43A;&#x432;&#x430; [&#x438; &#x434;&#x440;.]</subfield>
    <subfield code="c">&#x41C;&#x430;&#x445;&#x430;&#x43E;&#x43D; [&#x438; &#x434;&#x440;.]</subfield>
    <subfield code="d">2017</subfield>
  </datafield>
  <datafield tag="215" ind1=" " ind2=" ">
    <subfield code="a">159 &#x441;.</subfield>
    <subfield code="c">&#x446;&#x432;. &#x438;&#x43B;.</subfield>
    <subfield code="d">29</subfield>
  </datafield>
  <datafield tag="320" ind1=" " ind2=" ">
    <subfield code="a">&#x423;&#x43A;&#x430;&#x437;.: &#x441;. 156-159</subfield>
  </datafield>
  <datafield tag="333" ind1=" " ind2=" ">
    <subfield code="a">6+</subfield>
  </datafield>
  <datafield tag="608" ind1=" " ind2=" ">
    <subfield code="a">&#x42D;&#x43D;&#x446;&#x438;&#x43A;&#x43B;&#x43E;&#x43F;&#x435;&#x434;&#x438;&#x438; &#x434;&#x43B;&#x44F; &#x434;&#x435;&#x442;&#x435;&#x439;</subfield>
    <subfield code="9">2363029</subfield>
    <subfield code="3">RU\NLR\AUTH\661410942</subfield>
  </datafield>
  <datafield tag="686" ind1=" " ind2=" ">
    <subfield code="a">&#x428;9:&#x42F;20(2)</subfield>
    <subfield code="2">rubbk</subfield>
  </datafield>
  <datafield tag="686" ind1="3" ind2=" ">
    <subfield code="a">&#x428;9</subfield>
    <subfield code="b">&#x42F;20</subfield>
  </datafield>
  <datafield tag="702" ind1=" " ind2="1">
    <subfield code="4">570</subfield>
    <subfield code="7">ca</subfield>
    <subfield code="8">rus</subfield>
    <subfield code="a">&#x413;&#x438;&#x444;&#x444;&#x43E;&#x440;&#x434;</subfield>
    <subfield code="b">&#x41A;.</subfield>
    <subfield code="f">1966-</subfield>
    <subfield code="g">&#x41A;&#x43B;&#x430;&#x439;&#x432;</subfield>
    <subfield code="9">231809</subfield>
    <subfield code="3">RU\NLR\AUTH\770231865</subfield>
  </datafield>
  <datafield tag="702" ind1=" " ind2="1">
    <subfield code="4">340</subfield>
    <subfield code="8">rus</subfield>
    <subfield code="7">ca</subfield>
    <subfield code="a">&#x411;&#x43E;&#x43B;&#x43E;&#x433;&#x43E;&#x432;&#x430;</subfield>
    <subfield code="b">&#x412;.</subfield>
    <subfield code="c">&#x43F;&#x43E;&#x43F;&#x443;&#x43B;&#x44F;&#x440;&#x438;&#x437;&#x430;&#x442;&#x43E;&#x440;</subfield>
    <subfield code="g">&#x412;&#x430;&#x43B;&#x435;&#x43D;&#x442;&#x438;&#x43D;&#x430;</subfield>
    <subfield code="3">RU\NLR\AUTH\77102476</subfield>
    <subfield code="9">85402</subfield>
  </datafield>
  <datafield tag="942" ind1=" " ind2=" ">
    <subfield code="c">BOOK</subfield>
  </datafield>
  <datafield tag="980" ind1=" " ind2=" ">
    <subfield code="a">NBR</subfield>
  </datafield>
</record>
